008350000a22002410004500090001300000100004200013700003700055700003000092700004000122245013500162044001300297041001400310690003500324690001700359690003500376651004200411653002700453653001900480653001300499942001300512773005100525999001700576 aSERIADAS1 aRíos Pulgarín, María I.91006661 aJiménez Segura, Luz F.91006671 aPalacio, Jaime A.91006681 aRamírez Restrepo, John J.910066910aComunidad de peces en la ciénaga de Ayapel, Río Magdalena (Córdoba ) Colombiascambios espacio-temporales en su asociación aColombia0 aEspañol aComunidades acuáticas993111 aPeces992349 aPeríodos climáticos994576 4dCórdobalCiénaga de Ayapel992749 eCyphocharax magdalenae eRoeboides dayi gAstyanax cARTICULO1 tActualidades biológicash88q29-53d2008g30 c16360d16360